ბათუმის შოთა რუსთაველის სახელმწიფო უნივერსიტეტის ბიბლიოთეკა

მენინგოკოკური ინფექციის ეპიდემიოლოგია საქართველოში / (ბიბ.ჩანაწერი № 51753)

000 -ლიდერი
ფიქსირებული სიგრძის საკონტროლო ველი 01513nam a2200253Ia 4500
001 - საკონტროლო ნომერი
საკონტროლო ველი 18745
003 - საკონტროლო ნომრის იდენტიფიკატორი
საკონტროლო ველი GE_BSU
005 - ბოლო ოპერაციის თარიღი და დრო
საკონტროლო ველი 20210413122146.0
008 - ფიქსირებული სიგრძის მონაცემთა ელემენტები - ზოგადი ინფორმაცია
ფიქსირებული სიგრძის საკონტროლო ველი 181216s2014||||ge |||||||||||||| ||geo||
040 ## - კატალოგიზაციის წყარო
Transcribing agency GE_BSU
041 ## - ენის კოდი
Language code of text/sound track or separate title geo
080 ## - უნივერსალური ათობითი კლასიფიკაციის ინდექსი
Universal Decimal Classification number 61 ე-58
100 ## - მთავარი ჩანაწერი - პიროვნების სახელი
Personal name ელოშვილი, მედეა
9 (RLIN) 11267
245 ## - ცნობა სათაურის შესახებ
Title მენინგოკოკური ინფექციის ეპიდემიოლოგია საქართველოში /
Statement of responsibility, etc მედეია ელოშვილი; სამეცნიერო ხელმძღვანელი ირაკლი მჭედლიშვილი, პაატა იმნაძე; თბილისის სახ-ლო სამედიცინო უნ-ტი.
264 ## - წარმოების, გამოცემის, დისტრიბუციის და სხვა ცნობები
გამოცემის, წარმოების, დისტრიბუციის... ადგილი თბილისი,
გამოცემის, წარმოების, დისტრიბუციის... თარიღი 2014.
300 ## - ფიზიკური აღწერა
Extent 112 გვ.;
Other physical details 30 სმ.
653 ## - INDEX TERM--UNCONTROLLED
Uncontrolled term დისერტაცია
653 ## - INDEX TERM--UNCONTROLLED
Uncontrolled term მედიცინა
653 ## - INDEX TERM--UNCONTROLLED
Uncontrolled term მენინგოკოკური ინფექციის ეპიდემიოლოგია საქართველოში.
700 ## - ADDED ENTRY--PERSONAL NAME
Personal name მჭედლიშვილი, ირაკლი
Relator term სამეცნიერო ხელმძღვანელი
9 (RLIN) 11268
700 ## - ADDED ENTRY--PERSONAL NAME
Personal name იმნაძე, პაატა
Relator term სამეცნიერო ხელმძღვანელი
9 (RLIN) 11269
710 ## - ADDED ENTRY--CORPORATE NAME
Corporate name or jurisdiction name as entry element თბილისის სახ-ლო სამედიცინო უნ-ტი
9 (RLIN) 10087
942 ## - ADDED ENTRY ELEMENTS (KOHA)
Koha item type წიგნი
Source of classification or shelving scheme
ეგზემპლარები
ჩამოწერის სტატუსი დაკარგული ეგზემპლარის სტატუსი კლასიფიკაციის წყარო ან თაროზე გაწყობის სქემა დაზიანების სტატუსი არ გაიცემა მუდმივი მდებარეობა (დაცვის ადგილი) ამჟამინდელი ადგილსამყოფელი თაროზე განთავსების ადგილი შეძენის თარიღი სრული შენახვის შიფრი შტრიხკოდი ბოლო ოპერაციის თარიღი ეგზემპლარის მიმდევრობითი ნომერი (კეტერი?) ფასის ძალაში შესვლის თარიღი ეგზემპლარის სახეობა
          ბათუმის შოთა რუსთაველის სახელმწიფო უნივერსიტეტის მთავარი ბიბლიოთეკა ბათუმის შოთა რუსთაველის სახელმწიფო უნივერსიტეტის მთავარი ბიბლიოთეკა წიგნსაცავი 2018-12-17 61 ე-58 214 დისერტ. 2018-12-17 214 2018-12-17 დისერტაცია